000 00400nam a2200181Ia 4500
003 IT-RoPAU
008 120407s9999 xx 000 0 und d
040 _aIT-RoPAU
040 _cIT-RoPAU
100 _aA. Chanson
245 _aPer meglio amministrare
260 _aEdizioni Paoline
300 _c cm
490 _v1
600 _acollana Pastorale - Ministerium
942 _cBK
999 _c5112
_d5112